000 00530cam a22001337a 4500
008 180718b1995 xxu||||| |||| 00| 0 eng d
082 _aA81x54 91/20/PT12A&B/B
100 _aCensus of India 1991
245 _aPunjab district census handbook, Bathinda: village and town directory, village and townwise primary census abstract
260 _aChandigarh
_bThe Controller, Printing and Stationery, Punjab
_c1995
300 _a447+p.
440 _aCensus of India 1991. Series-20, Punjab. Part XII - A & B
650 _aBhatinda - Census
999 _c475450
_d475450